| 000 | 00367pab a2200157 454500 | ||
|---|---|---|---|
| 008 | 180718b2015 xxu||||| |||| 00| 0 eng d | ||
| 100 | _aMahato, Arobindo | ||
| 245 | _aRural development programmes | ||
| 260 | _c2015 | ||
| 300 | _ap.14-16. | ||
| 362 | _aApr | ||
| 650 | _aRural development | ||
| 700 | _aRoy, Barnali | ||
| 773 | _aKurukshetra | ||
| 909 | _a111349 | ||
| 999 |
_c111344 _d111344 |
||